Movies Quiz

Random Movies or Quote Quiz

Click the Team Nickname in the Movie Quotes Quiz Stats

 Plays Quiz Updated Sep 5, 2017

Score 0/20 Timer 05:00
2 Plays Today
% Correct
Lightning
80.4%
Magic
80.3%
Jazz
78.7%
Suns
77.7%
Pirates
72.9%
Angels
70.2%
Jets
69%
Yankees
68.2%
Heat
68%
Vikings
66.6%
% Correct
Senators
60.7%
Kings
59.9%
Stars
59.1%
Twins
59%
Flames
56.5%
Rockets
55.1%
Wild
54.7%
Titans
52.2%
Wizards
49.8%
Warriors
48.8%

You're not logged in!

Compare scores with friends on all Sporcle quizzes.
OR
Log In

You Might Also Like...

Show Comments

Extras

Top Quizzes Today


Score Distribution

Your Account Isn't Verified!

In order to create a playlist on Sporcle, you need to verify the email address you used during registration. Go to your Sporcle Settings to finish the process.

Report this User

Report this user for behavior that violates our Community Guidelines.

Details: